Movies Quentin Tarantino has directed - Statistics

General Stats
  • This quiz has been taken 29 times
  • The average score is 7 of 10
Answer Stats
Year Movie % Correct
1994 Pulp Fiction
96%
1992 Reservoir Dogs
89%
2012 Django Unchained
86%
2009 Inglourious Basterds
86%
2015 The Hateful Eight
86%
2003 Kill Bill Vol. 1
68%
2004 Kill Bill Vol. 2
68%
1997 Jackie Brown
64%
2019 Once Upon a Time in Hollywood
54%
2007 Death Proof
46%
No matching quizzes found
Score Distribution
Percent of People with Each Score
Percentile by Number Answered
Your Score History
You have not taken this quiz